000 00810nam a2200253Ia 4500
003 OSt
005 20220923212444.0
006 a|||||r|||| 00| 0
007 ta
008 220922b |||||||| |||| 00| 0 hin d
024 _a153,138
037 _cTextual
040 _aARTS
_cARTS
_bhin
041 _2hin
_ahin
082 _aO142,3N24,1, 152L3
100 _aश्कवरोरको, जोसफ
_9156263
245 0 _aएमेक
_b एक कथा
246 _aEmeka: ek kathā
260 _aहापुड़
_b सभावना प्रकाशन
_c1973
300 _a79 पृ.
_ccm.
650 _aहिन्दी साहित्य
_9156264
942 _hO142,3N24,1, 152L3
_cTEXL
_2CC
999 _c308786
_d308786